| 000 | 01929aam a2200325 i 4500 | ||
|---|---|---|---|
| 001 | 768714001 | ||
| 003 | CO-MdFUSB | ||
| 005 | 20250825141647.0 | ||
| 007 | ta | ||
| 008 | 250825t19941993-us |||| |||| 00| 0 spa d | ||
| 020 | _a1-56063-478-2 | ||
| 040 | _cCO-MdFUSB | ||
| 041 | 0 | _aspa | |
| 082 | 0 | 4 |
_223 _a248.843 _bW9471p |
| 100 | 1 |
_aWright, H. Norman _eautor |
|
| 240 | _aQuestions women ask in private | ||
| 245 | 1 | 0 |
_aPreguntas que las mujeres hacen en privado _c/ H. Norman Wright ; traducido por Raquel de la Calle |
| 264 | 1 |
_bUnilit, _aMiami, FL., USA : _c[1994] |
|
| 264 | 4 | _c©1994 | |
| 300 | _a442 páginas | ||
| 336 |
_atexto _btxt _2rdacontent |
||
| 337 |
_2rdamedia _asin mediación _bn |
||
| 338 |
_2rdacarrier _avolumen _bnc |
||
| 505 | _aPor qué los hombres y las mujeres son diferentes. -- Autoestima e identidad. -- Automejoramiento. -- Ser soltera. -- El estrés. -- La depresión. -- Asuntos de salud. -- Asuntos espirituales y sanidad del pasado. -- Sexo, intimidad y romance. -- ¿Cómo puedo cambiar a mi esposo? -- La infidelidad en el matrimonio. -- La comunicación en el matrimonio. -- Cómo salvar a su matrimonio. -- El enojo y el control en el matrimonio. -- El esposo abusador. -- Puntos delicados del matrimonio. -- Lidiando con los padres. -- Lidiando con padres ancianos. -- La codependencia dentro de la familia. -- Las familias disfuncionales. -- El abuso sexual en la niñez. -- Lamentar una pérdida. -- lLos problemas de ser padres. -- Puntos delicados de la paternidad. -- Las madres solteras. -- El divorcio y nuevo matrimonio. -- Las familias diferentes unidas. -- Preguntas importantes que hacen las mujeres en consejería. -- Preguntas importantes que hacen los hombres en consejería. | ||
| 563 | _aRústico | ||
| 650 | 0 |
_aMujeres _xAspectos religiosos _xCristianismo _9326 |
|
| 700 |
_aCalle, Raquel de la, _911854 _etraductor |
||
| 942 | _cBK | ||
| 945 | _aJTF-925 | ||
| 999 |
_c36190 _d36190 |
||